书目信息 |
| 题名: |
沧桑的叙说:文物保护与环境
|
|
| 作者: | 郑凯歌 , 林英爽 编著 | |
| 分册: | ||
| 出版信息: | 北京 中国环境科学出版社 1997.09 |
|
| 页数: | 177页 | |
| 开本: | 32开 | |
| 丛书名: | ||
| 单 册: | ||
| 中图分类: | X2-49 | |
| 科图分类: | ||
| 主题词: | 环境--综合研究 | |
| 电子资源: | ||
| ISBN: | 7-80093-561-2 | |
| 000 | 00646nam0 2200205 45 | |
| 001 | 0007190913 | |
| 005 | 20000719093937.1 | |
| 010 | @a7-80093-561-2@d7.60元 | |
| 100 | @a20000719d1997 km y0chiy0120 ea | |
| 101 | 0 | @achi |
| 105 | @a z 000yy | |
| 200 | 1 | @a沧桑的叙说:文物保护与环境@ACang Sang De Xu Shuo:Wen Wu Bao Hu Yu Huan Jing@f郑凯歌,林英爽编著@FZheng Kai Ge,Lin Ying Shuang Bian Zhu |
| 210 | @a北京@c中国环境科学出版社@d1997.09 | |
| 215 | @a177页@d32开 | |
| 606 | 0 | @a环境@x综合研究 |
| 690 | @aX2-49@v3 | |
| 701 | 0 | @a郑凯歌@4编著 |
| 701 | 0 | @a林英爽@4编著 |
| 801 | @aCN@bPftUser@c20000719 | |
| 905 | @b70092-111@dX2-49@eZH270@f20 | |
| 沧桑的叙说:文物保护与环境/郑凯歌,林英爽编著.-北京:中国环境科学出版社,1997.09 |
| 177页;32开 |
| ISBN 7-80093-561-2:7.60元 |
| ● |
| 相关链接 |
|
|
|
正题名:沧桑的叙说:文物保护与环境
索取号:X2-49/ZH270
 
预约/预借
| 序号 | 登录号 | 条形码 | 馆藏地/架位号 | 状态 | 备注 |
| 1 | 70092 | 200700928 | 期刊室512/501自科库 94排1列5层/ [索取号:X2-49/ZH270] | 在馆 | |
| 2 | 70093 | 200700937 | 期刊室512/501自科库 94排1列5层/ [索取号:X2-49/ZH270] | 在馆 | |
| 3 | 70094 | 200700946 | 期刊室512/501自科库 94排1列5层/ [索取号:X2-49/ZH270] | 在馆 | |
| 4 | 70095 | 200700955 | 期刊室512/501自科库 94排1列5层/ [索取号:X2-49/ZH270] | 在馆 | |
| 5 | 70096 | 200700964 | 期刊室512/501自科库 94排1列5层/ [索取号:X2-49/ZH270] | 在馆 | |
| 6 | 70097 | 200700973 | 期刊室512/501自科库 94排1列5层/ [索取号:X2-49/ZH270] | 在馆 | |
| 7 | 70098 | 200700982 | 期刊室512/501自科库 94排1列5层/ [索取号:X2-49/ZH270] | 在馆 | |
| 8 | 70099 | 200700991 | 期刊室512/501自科库 94排1列5层/ [索取号:X2-49/ZH270] | 在馆 | |
| 9 | 70100 | 200701008 | 自科库501/501自科库 94排1列3层/ [索取号:X2-49/ZH270] | 在馆 | |
| 10 | 70101 | 200701017 | 期刊室512/501自科库 94排1列5层/ [索取号:X2-49/ZH270] | 在馆 | |
| 11 | 70102 | 200701026 | 期刊室512/501自科库 94排1列5层/ [索取号:X2-49/ZH270] | 在馆 | |
| 12 | 70103 | 200701035 | 期刊室512/501自科库 94排1列5层/ [索取号:X2-49/ZH270] | 在馆 | |
| 13 | 70104 | 200701044 | 期刊室512/501自科库 94排1列5层/ [索取号:X2-49/ZH270] | 在馆 | |
| 14 | 70105 | 200701053 | 期刊室512/501自科库 94排1列5层/ [索取号:X2-49/ZH270] | 在馆 | |
| 15 | 70106 | 200701062 | 期刊室512/501自科库 94排1列5层/ [索取号:X2-49/ZH270] | 在馆 | |
| 16 | 70107 | 200701071 | 期刊室512/501自科库 94排1列5层/ [索取号:X2-49/ZH270] | 在馆 | |
| 17 | 70108 | 200701080 | 期刊室512/501自科库 94排1列5层/ [索取号:X2-49/ZH270] | 在馆 | |
| 18 | 70109 | 200701099 | 期刊室512/501自科库 94排1列5层/ [索取号:X2-49/ZH270] | 在馆 | |
| 19 | 70110 | 200701106 | 期刊室512/501自科库 94排1列5层/ [索取号:X2-49/ZH270] | 在馆 | |
| 20 | 70111 | 200701115 | 期刊室512/501自科库 94排1列5层/ [索取号:X2-49/ZH270] | 在馆 |